LIBRARY & INFORMATION CENTRE, KCAET, TAVANUR

ONLINE PUBLIC ACCESS CATALOGUE (OPAC)

Good practice for the small scale production of bottled coconut water (Record no. 15531)

MARC details
000 -LEADER
fixed length control field 00417nam a22001457a 4500
003 - CONTROL NUMBER IDENTIFIER
control field OSt
008 - FIXED-LENGTH DATA ELEMENTS--GENERAL INFORMATION
fixed length control field 180925b ||||| |||| 00| 0 eng d
020 ## - INTERNATIONAL STANDARD BOOK NUMBER
ISBN 9789251058497
082 ## - DEWEY DECIMAL CLASSIFICATION NUMBER
Item number ROL/GO
Classification number 641.3461
100 ## - MAIN ENTRY--AUTHOR NAME
Personal name Rolle, Rosa
245 ## - TITLE STATEMENT
Title Good practice for the small scale production of bottled coconut water
260 ## - PUBLICATION, DISTRIBUTION, ETC. (IMPRINT)
Place of publication Rome
Name of publisher Food and agriculture organisation of the UN
Year of publication 2007
300 ## - PHYSICAL DESCRIPTION
Number of Pages 36
942 ## - ADDED ENTRY ELEMENTS (KOHA)
Koha item type Books
Holdings
Withdrawn status Lost status Damaged status Home library Current library Date acquired Full call number Accession Number Koha item type
      KAUAET KAUAET 25/09/2018 641.3461 ROL/GO 25676 Books
free website counter